| 000 | 00592nam a22002057a 4500 | ||
|---|---|---|---|
| 005 | 20251108170104.0 | ||
| 008 | 250721s1980 xx 000 0 ara d | ||
| 082 | 1 | 4 | _aط/ق/زين |
| 100 | 1 | _aالحسيني، زين العابدين | |
| 245 | 1 | 0 |
_aحارسة النبع : _bقصة / |
| 250 | _aط3 | ||
| 264 | 1 |
_aبيروت : _bدار الفتى العربي، _c1980. |
|
| 300 | _a23ص | ||
| 490 | 0 | _aالأفق الجديد | |
| 650 | 1 | 7 | _aالأدب العربي |
| 650 | 1 | 7 | _aالقصص العربيه |
| 650 | 1 | 7 | _aأدب الأطفال |
| 942 |
_2ddc _cBK |
||
| 999 |
_c39451 _d39451 |
||